Top 50 Players in Fantasy Football (Pre-season rankings) - Statistics

General Stats
  • This quiz has been taken 27 times
  • The average score is 32 of 50
Answer Stats
Rank Position Answer % Correct
2 RB Bijan Robinson
95%
14 WR Amon-Ra St. Brown
91%
13 RB Christian McCaffrey
91%
5 RB Jahmyr Gibbs
91%
1 WR Ja'marr Chase
91%
27 QB Lamar Jackson
91%
3 RB Saquon Barkley
91%
17 WR AJ Brown
82%
6 WR CeeDee Lamb
82%
25 QB Josh Allen
82%
4 WR Justin Jefferson
82%
11 WR Puka Nacua
82%
20 TE Brock Bowers
77%
7 RB Derrick Henry
77%
15 RB Jonathan Taylor
77%
26 RB Chase Brown
73%
30 TE Trey McBride
73%
36 WR Tyreek Hill
73%
34 QB Jalen Hurts
68%
33 WR Jaxon Smith-Njigba
68%
32 QB Jayden Daniels
68%
48 QB Joe Burrow
68%
18 RB Josh Jacobs
68%
23 RB Kyren Williams
68%
10 WR Malik Nabers
68%
29 WR Mike Evans
68%
19 TE George Kittle
64%
31 RB James Cook III
64%
45 WR Jameson Williams
64%
8 WR Nico Collins
64%
28 WR Tee Higgins
64%
24 RB De'Von Achane
59%
12 RB Ashton Jeanty
55%
35 WR Davante Adams
55%
16 WR Drake London
55%
9 WR Brian Thomas Jr
50%
40 RB Kenneth Walker III
50%
38 WR Marvin Harrison Jr
50%
47 RB Breece Hall
45%
21 RB Bucky Irving
45%
41 WR Garrett Wilson
45%
22 WR Ladd McConkey
45%
39 WR Terry McLaurin
45%
50 RB Alvin Kamara
41%
46 WR Courtland Sutton
41%
42 WR DK Metcalf
36%
37 RB Omarion Hampton
36%
44 RB Chuba Hubbard
32%
49 RB James Conner
23%
43 RB TreVeyon Henderson
18%
No matching quizzes found
Score Distribution
Percent of People with Each Score
Percentile by Number Answered
Your Score History
You have not taken this quiz